Statistiche per Club Serie A Goal of the Month

Clicka qui per fare il quiz!

Statistiche generali

  • Questo quiz è stato fatto 11 volte
  • Il punteggio medio è 9 su 11

Statistiche sulle risposte

Numero titoliNumero calciatoriSquadra% Corretto
22Atalanta
100%
11Fiorentina
100%
22Inter
100%
54Milan
100%
22Napoli
100%
31Roma
100%
11Juventus
91%
11Sampdoria
73%
11Bologna
64%
11Lecce
64%
11Cagliari
45%

Distribuzione punteggi

Percentile per numero di risposta

Percentuale di utenti per punteggio

I tuoi punteggi nel tempo

Non hai fatto questo quiz